| 000 | 00955nam a2200241 a 4500 | ||
|---|---|---|---|
| 001 | 85323 | ||
| 003 | BD-RjUL | ||
| 005 | 20250728123844.0 | ||
| 008 | 250724s2024 bg a|||| m||| 00| 0 eng d | ||
| 035 | _a(BD-RjUL)85323 | ||
| 040 |
_aBD-RjUL _beng _cBD-RjUL _dBD-RjUL |
||
| 041 | _aeng | ||
| 082 |
_223 _a597.49095492 _bFAD 2024 |
||
| 100 |
_aFakhruddin. Md. _916272 |
||
| 245 | 1 | 0 |
_aDevelopment of induced breeding techniques for bagrid catfish in Bangladesh / _cSubmitted By Md. Fakhruddin ; _6Supervisor : Saleha, Jasmine |
| 260 |
_aRajshahi : _bDepartment of Fisheries Faculty of Agriculture, University of Rajshahi, _c2024 |
||
| 300 |
_axiii, 121 leaves : _bill, ; _c29.cm. |
||
| 502 | _aThesis (Ph.D.) -- Department of Fisheries Faculty of Agriculture, University of Rajshahi, 2024 | ||
| 504 | _aReferences : Leaves 107 - 121 | ||
| 650 |
_aCatfishs _vBagrid _zBangladesh _916273 |
||
| 700 |
_aJasmine, Saleha, Supervisor _97831 |
||
| 942 |
_2ddc _cTHE |
||
| 999 |
_c85323 _d85323 |
||